000 00578nam a2200217Ia 4500
003 OSt
005 20241109100444.0
008 210210b1977 xxu||||| |||| 00| 0 eng d
040 _cAL
041 _aEnglish
082 _a915.487025 KAMS
100 _aKAMATH (Suryanatha U)
_9183320
245 _aSouth kanara directory 1977
260 _aMangalore.
_bMangala Publications.,
_c1977
300 _a94
650 _aSouth Kanara Dakshina Kannada Mangalore
_9183321
650 _aSouth Canara
_9184688
690 _aGeography
_9183326
906 _aSG00155
942 _2ddc
_cBK
999 _c111684
_d111684